Statistics for Seattle Musical Acts

Click here to take the quiz!

General Stats

  • This quiz has been taken 96 times
  • The average score is 7 of 15

Answer Stats

HintAnswer% Correct
Smells Like Teen SpiritNirvana
96%
Black Hole SunSoundgarden
84%
Purple HazeJimi Hendrix
82%
Thrift ShopMacklemore
68%
AlivePearl Jam
63%
Man in the BoxAlice in Chains
62%
Baby Got BackSir Mix-a-Lot
53%
Learn to FlyFoo Fighters
48%
Magic ManHeart
41%
Hunger StrikeTemple of the Dog
33%
PeachesPresidents of the United States of America
28%
I Will Follow You into the DarkDeath Cab for Cutie
22%
SongbirdKenny G
10%
Louie LouiePaul Revere & the Raiders
3%
Dark Corner of the WorldThe Young Fresh Fellows
1%

Score Distribution

Percentile by Number Answered

Percent of People with Each Score

Your Score History

You have not taken this quiz